Music Quiz

Random Music or Song Quiz

The Strokes songs Quiz Stats

 Plays Quiz not verified by Sporcle

Challenge
Share
Tweet
Embed
Score 0/36 Timer 08:00
1 Play Today
% Correct
Is This It
96.1%
Reptilia
92.4%
Someday
88.4%
Last Nite
84.9%
New York City Cops
83%
Soma
82.5%
12:51
81.7%
You Only Live Once
80.7%
Juicebox
79.2%
Hard To Explain
78.9%
The Modern Age
77.3%
Take It Or Leave It
73.9%
Barely Legal
72%
Heart In A Cage
71.3%
Meet Me In The Bathroom
71.1%
What Ever Happened?
69.4%
Razorblade
68.3%
The End Has No End
64.5%
% Correct
Alone, Together
64.3%
Red Light
61.1%
Trying Your Luck
60.6%
Ize Of The World
60.5%
Automatic Stop
59.6%
Electricityscape
56%
Under Control
55.7%
I Can't Win
54.9%
You Talk Way Too Much
51%
Vision Of Division
50.1%
Ask Me Anything
48%
Between Love & Hate
47.9%
On the Other Side
47.2%
Evening Sun
47%
15 Minutes
46.1%
Fear Of Sleep
45.7%
The Way It Is
40.5%
Killing Lies
38.9%

You're not logged in!

Compare scores with friends on all Sporcle quizzes.
Join for Free
OR
Log In

You Might Also Like...

Show Comments

Extras

Top Quizzes Today


Score Distribution

Your Account Isn't Verified!

In order to create a playlist on Sporcle, you need to verify the email address you used during registration. Go to your Sporcle Settings to finish the process.

Report this User

Report this user for behavior that violates our Community Guidelines.

Details: